[Event "5th Nebesna Sotnya Rapid 2018"]
[Site "Lutsk"]
[Date "2018.02.17"]
[Round "7"]
[White "Golubka, Petro"]
[Black "Oleksienko, Mikhailo"]
[Result "1-0"]
[WhiteElo "2422"]
[BlackElo "2538"]
[Annotator "TA"]
[PlyCount "91"]
[EventDate "2018.??.??"]
[EventType "swiss"]
[EventCountry "UKR"]
[SourceTitle "playchess.com"]
[Source "ChessBase"]
[SourceQuality "1"]

{[%evp 16,91,8,0,28,28,26,21,28,34,17,0,0,0,0,-31,-16,-16,-14,-9,0,0,0,0,20,8,22,0,0,-36,-12,-3,0,0,0,0,7,0,107,112,102,107,118,106,133,133,131,122,141,113,116,67,58,65,187,168,175,117,387,383,437,437,454,445,436,442,465,460,452,456,610,600,636,602,873,676,2019,1939]} 1. e4 e5 2. Nf3 Nc6 3. Bb5 Nf6 4. d3 Bc5 5. c3 O-O 6. Nbd2 {C65: Ruy Lopez: Berlin Defence (3...Nf6), unusual lines and 4 0-0 Bc5} (6. Bxc6 bxc6 7. Nxe5 d5 8. d4 Bb6 9. O-O Nxe4 10. Nxc6 Qd6 11. Nb4 c6 12. Nd2 Bc7 13. g3 Qg6 14. Nf3 Bg4 15. Nh4 Qh5 16. Qc2 Bh3 17. Qd1 Bg4 18. Qc2 Bh3 19. Qd1 {½-½ (19) Wang,H (2711)-Nakamura,H (2781) Caleta 2018}) 6... Re8 7. O-O a6 8. Ba4 b5 9. Bc2 {LiveBook: 9 Games} Bb7 10. a4 d6 11. Re1 $146 ({Find the theoretical novelty and annotate with similar games:} 11. h3 Bb6 12. Re1 Ne7 13. Nf1 Ng6 {½-½ (43) Perez,I (2196)-Golub,D (2184) Seattle 2014}) 11... Ne7 12. Nf1 Ng6 13. Be3 Bxe3 14. Nxe3 d5 {[%cal Rd5e4]} 15. Qb1 c5 16. b4 dxe4 17. dxe4 c4 18. g3 Qc7 19. Nf5 Red8 20. Qc1 Qb6 21. h3 h6 22. Re3 (22. h4 {NOTEXT} Ng4 23. Ne3 Nf6 24. Nf5) 22... Bc6 23. a5 Qb7 {[%cal Rf6e4]} 24. Qe1 Rd7 25. Rd1 Rxd1 26. Bxd1 Nxe4 {[#]} (26... Qd7 $11 {keeps the balance.} 27. Bc2 Rd8) 27. Rxe4 $1 $16 {[%mdl 512]} Bxe4 28. Nd6 $1 $36 {[%csl LRb7,LRe4][%cal Bf5d6,Bd6e4,Be4d2][%mdl 2080] Keeping Black busy.} Qd5 29. Nxe4 Rd8 30. Bc2 f5 31. Ned2 e4 32. Nd4 Ne5 33. Qe3 Nd3 $1 {[%cal Rd3b4]} 34. Bxd3 cxd3 ({Better is} 34... exd3 $14 35. f4 Kh7) 35. g4 $18 fxg4 36. hxg4 (36. Nxe4 $18 gxh3 37. Qxd3) 36... Kh8 $2 {[%mdl 8192] [#]} (36... Re8 $16 {was worth a try.}) 37. Nxe4 Re8 38. f3 {White is clearly winning.} Qc4 {If Black can now play ...Qxc3 this consolidates a bit.} 39. Qd2 Rd8 40. Kf2 Qc7 41. Ke3 Re8 42. Kxd3 Rd8 43. Kc2 Qe5 44. Kb2 h5 45. Qf2 Kg8 46. Nc6 {Precision: White = 75%, Black = 31%.} 1-0

[Event "5th Nebesna Sotnya Rapid 2018"]
[Site "Lutsk"]
[Date "2018.02.17"]
[Round "7"]
[White "Kislinsky, Alexey"]
[Black "Solovchuk, Oleksiy"]
[Result "0-1"]
[WhiteElo "2407"]
[BlackElo "2364"]
[Annotator "ChessBase"]
[PlyCount "108"]
[EventDate "2018.??.??"]
[EventType "swiss"]
[EventCountry "UKR"]
[SourceTitle "playchess.com"]
[Source "ChessBase"]
[SourceQuality "1"]
[TimeControl "1200+5"]

1. e4 {[%emt 0:00:00]} c5 {[%emt 0:00:02]} 2. c3 {[%emt 0:00:03]} Nf6 {[%emt 0:00:02]} 3. e5 {[%emt 0:00:01]} Nd5 {[%emt 0:00:01]} 4. d4 {[%emt 0:00:04]} cxd4 {[%emt 0:00:13]} 5. cxd4 {[%emt 0:00:02]} d6 {[%emt 0:00:07]} 6. Bc4 {[%emt 0:00:02]} e6 {[%emt 0:00:02]} 7. Qe2 {[%emt 0:00:09]} Nc6 {[%emt 0:00:01]} 8. Nf3 {[%emt 0:00:01]} Be7 {[%emt 0:00:06]} 9. O-O {[%emt 0:00:04]} Nb6 {[%emt 0:00:19]} 10. Bb3 {[%emt 0:00:03]} d5 {[%emt 0:00:02]} 11. Nc3 {[%emt 0:00:06]} a6 {[%emt 0:00:27]} 12. Be3 {[%emt 0:00:15]} Bd7 {[%emt 0:00:04]} 13. Rad1 {[%emt 0:00:19]} Rc8 {[%emt 0:00:08]} 14. Bc2 {[%emt 0:00:09]} Nc4 {[%emt 0:00:22]} 15. Bb1 {[%emt 0:00:05]} b5 {[%emt 0:01:10]} 16. a3 {[%emt 0:01:04]} b4 {[%emt 0:01:41]} 17. axb4 {[%emt 0:00:04]} Nxe3 {[%emt 0:02:21]} 18. fxe3 {[%emt 0:00:10]} Nxb4 {[%emt 0:00:04]} 19. Qf2 {[%emt 0:00:25]} O-O {[%emt 0:00:14]} 20. Qg3 {[%emt 0:00:19]} f5 {[%emt 0:01:29]} 21. exf6 {[%emt 0:00:17]} Bxf6 {[%emt 0:00:02]} 22. e4 {[%emt 0:00:33]} dxe4 {[%emt 0:04:17]} 23. Nxe4 {[%emt 0:00:01]} Bb5 {[%emt 0:01:03]} 24. Qh3 {[%emt 0:01:03]} g6 {[%emt 0:01:27]} 25. Qxe6+ {[%emt 0:00:39]} Kg7 {[%emt 0:00:03]} 26. Rfe1 {[%emt 0:00:28]} Nc2 {[%emt 0:01:57]} 27. Bxc2 {[%emt 0:02:24]} Rxc2 {[%emt 0:00:03]} 28. Nc5 {[%emt 0:00:51]} Re8 {[%emt 0:02:53]} 29. Ne5 {[%emt 0:04:28]} Bxe5 {[%emt 0:01:18]} 30. dxe5 {[%emt 0:03:29]} Rxc5 {[%emt 0:00:06]} 31. Qb3 {[%emt 0:00:36]} Qb6 {[%emt 0:00:14]} 32. Kh1 {[%emt 0:00:23]} Qe6 {[%emt 0:00:08]} 33. Qg3 {[%emt 0:00:44]} Rxe5 {[%emt 0:00:01]} 34. Rg1 {[%emt 0:00:10]} Re3 {[%emt 0:00:03]} 35. Qc7+ {[%emt 0:00:11]} Re7 {[%emt 0:00:01]} 36. Qb8 {[%emt 0:00:10]} Qe5 {[%emt 0:00:07]} 37. Qc8 {[%emt 0:00:06]} Qc7 {[%emt 0:00:05]} 38. Qg4 {[%emt 0:00:06]} Bc6 {[%emt 0:00:05]} 39. Rc1 {[%emt 0:00:09]} Qd6 {[%emt 0:00:12]} 40. Rgd1 {[%emt 0:00:24]} Bb7 {[%emt 0:00:02]} 41. h3 {[%emt 0:01:34]} Qe5 {[%emt 0:00:01]} 42. Rg1 {[%emt 0:00:47]} Rg3 {[%emt 0:00:04]} 43. Qh4 {[%emt 0:00:03]} Re3 {[%emt 0:00:08]} 44. Rcf1 {[%emt 0:00:05]} Qxb2 {[%emt 0:00:11]} 45. Rf4 {[%emt 0:00:20]} Qe5 {[%emt 0:00:01]} 46. Rff1 {[%emt 0:00:09]} h6 {[%emt 0:00:13]} 47. Rf2 {[%emt 0:00:08]} g5 {[%emt 0:00:04]} 48. Qh5 {[%emt 0:00:06]} Qe6 {[%emt 0:00:05]} 49. Kh2 {[%emt 0:00:06]} Re2 {[%emt 0:00:05]} 50. Rff1 {[%emt 0:00:05]} Qd6+ {[%emt 0:00:03]} 51. Kh1 {[%emt 0:00:02]} Qg6 {[%emt 0:00:03]} 52. Qg4 {[%emt 0:00:03]} Qe4 {[%emt 0:00:04]} 53. Qg3 {[%emt 0:00:02]} Re3 {[%emt 0:00:05]} 54. Qh2 {[%emt 0:00:02]} Qe5 {[%emt 0:00:02]} 0-1

[Event "5th Nebesna Sotnya Rapid 2018"]
[Site "Lutsk"]
[Date "2018.02.18"]
[Round "8"]
[White "Stupak, Kirill"]
[Black "Mikhalsky, Vladimir"]
[Result "1-0"]
[WhiteElo "2559"]
[BlackElo "2350"]
[Annotator "TA"]
[PlyCount "89"]
[EventDate "2018.??.??"]
[EventType "swiss"]
[EventCountry "UKR"]
[SourceTitle "playchess.com"]
[Source "ChessBase"]
[SourceQuality "1"]

{[%evp 9,89,27,26,18,31,22,35,32,33,25,28,30,39,20,32,35,49,59,71,62,41,34,29,19,23,12,24,-44,0,0,62,0,159,75,229,178,291,204,152,113,195,177,258,210,373,255,261,234,262,241,281,276,318,295,375,283,282,278,294,293,426,417,518,513,491,467,467,464,563,433,535,487,467,466,613,588,584,581,703,696,723,723]} 1. d4 g6 2. g3 Bg7 3. Bg2 d6 4. e4 Nd7 5. Ne2 e5 {LiveBook: 34 Games} 6. h3 $146 {B06: Modern Defence} ({Predecessor:} 6. O-O Ne7 7. Nbc3 O-O 8. f4 exd4 9. Nxd4 Nc6 10. Be3 Nb6 11. b3 Qf6 12. Nce2 Bg4 13. c3 Rae8 14. Qd2 Qe7 15. f5 Bxe2 16. Nxe2 {0-1 (60) Rozum,I (2559)-Guseinov,G (2646) Minsk 2015}) 6... a6 7. a4 b6 8. Nbc3 {White is slightly better.} Ne7 9. Be3 Bb7 10. O-O O-O 11. Qd2 f5 12. Rad1 fxe4 13. Nxe4 Nf5 14. Bg5 Qc8 15. dxe5 Nxe5 16. b3 d5 17. N4c3 {[#]} d4 $1 {[%cal Rd4c3][%mdl 512]} 18. Ne4 (18. Nd5 $1 $11) (18. Nxd4 Nxd4) 18... h6 19. Bf4 Kh7 (19... Nf7 $11 20. f3 c5) 20. h4 (20. c3 $14) 20... Nxh4 $2 {[#]} ({Black should play} 20... c5 $11) 21. gxh4 (21. Bxe5 $142 $1 Bxe5 22. gxh4) 21... Qg4 $2 (21... Bxe4 $16 22. Bxe5 (22. Bxe4 Qg4+ 23. Kh2 Qxh4+ 24. Kg2 Qg4+ 25. Ng3 Rxf4 $16) 22... Bxe5 23. Bxe4 Qg4+ 24. Bg2 Rae8) 22. f3 Qxh4 (22... Nxf3+ {was necessary.} 23. Rxf3 Bxe4) 23. Bg3 Qe7 24. Nf4 {[%cal Be2f4,Bf4d3,Bd3e5][%mdl 32]} Rad8 (24... Bxe4 $16 25. fxe4 Qg5) 25. Rde1 $18 Qf7 (25... d3 {might work better.} 26. cxd3 (26. Nxd3 Nxd3 27. cxd3 Qd7 $18) 26... Kg8) 26. Nd3 Nc6 $2 (26... Nxd3 27. cxd3 (27. Qxd3 a5 $18) 27... Qxb3 28. Bxc7 Bxe4) 27. Qf4 Qxf4 28. Bxf4 Rd7 29. Bg3 Rdf7 30. f4 Ne7 31. Ne5 Nf5 {With the idea ...Bxe5.} 32. Bf2 Re7 33. Nf6+ Bxf6 34. Bxb7 c5 (34... Rfe8 $142 35. Nd7 Bg7 36. Bxa6 Ne3 37. Bxe3 Rxe3) 35. Bxa6 Nd6 36. Bd3 {White is clearly winning.} Nf5 37. Bxf5 gxf5 38. Kh2 Rfe8 39. Bg3 h5 40. Kh3 Rg8 41. Nf3 Re3 42. Rxe3 dxe3 43. Re1 Re8 44. Ne5 Bxe5 45. Rxe3 {Precision: White = 48%, Black = 30%.} 1-0

[Event "5th Nebesna Sotnya Rapid 2018"]
[Site "Lutsk"]
[Date "2018.02.18"]
[Round "8"]
[White "Golubka, Petro"]
[Black "Budnikov, Oleg"]
[Result "0-1"]
[WhiteElo "2422"]
[BlackElo "2422"]
[Annotator "TA"]
[PlyCount "160"]
[EventDate "2018.??.??"]
[EventType "swiss"]
[EventCountry "UKR"]
[SourceTitle "playchess.com"]
[Source "ChessBase"]
[SourceQuality "1"]

{[%evp 30,160,0,0,8,0,0,0,0,0,0,0,0,0,0,0,0,0,0,-33,0,0,0,-72,-70,-63,-73,-68,-70,-76,-67,-72,-34,-38,0,-60,-33,-48,-52,-80,-66,-67,-67,-95,-58,-68,-69,-91,-77,-133,-100,-102,-8,-8,-8,-19,-12,-49,-14,-170,-163,-163,-163,-129,-110,-427,-119,-457,-59,-212,-212,-212,-212,-212,-211,-176,-108,-108,-118,-165,-134,-613,-656,-580,-576,-777,-588,-1119,-1058,-1647,-1578,-1261,-750,-29980,-29981,-29982,-29983,-29986,-29987,-29986,-29985,-29987,-29986,-29987,-29986,-29994,-29990,-29990,-29991,-29991,-29990,-29990,-29986,-29986,-29987,-29987,-29986,-29986,-29987,-29990,-29991,-29991,-29992,-29992,-29993,-29993,-29994,-29995,-29996,-29996,-29997,-29997,-29998]} 1. d4 d5 2. c4 c6 3. Nc3 Nf6 4. Nf3 dxc4 5. a4 Bf5 6. Ne5 Nbd7 7. Nxc4 Qc7 8. g3 e5 9. dxe5 Nxe5 10. Bf4 Nfd7 11. Bg2 g5 {D17: Slav Defence: 5 a4 Bf5: Lines with 6 Nh4 and 6 Ne5} 12. Ne3 (12. Nxe5 gxf4 13. Nxd7 O-O-O 14. Qd4 Qxd7 15. Qxf4 Bd6 16. Qc1 Be5 17. O-O Qd2 18. Rd1 Qxc1 19. Raxc1 Rxd1+ 20. Nxd1 {1-0 (48) Yu,Y (2751)-Mamedov,R (2709) Huaian 2017}) 12... gxf4 13. Nxf5 O-O-O 14. O-O fxg3 15. hxg3 h5 16. Rc1 {LiveBook: 7 Games} Kb8 17. Nd5 Qa5 18. b4 Bxb4 19. Nxb4 Qxb4 20. Rb1 $146 Qc5 21. Qc1 Qxc1 22. Rfxc1 Kc7 $1 23. a5 a6 24. Rc2 Rhg8 25. f4 Ng6 26. Nd4 (26. e3 $11) 26... Ne7 $17 27. Kf2 h4 $1 28. gxh4 Rg4 29. e3 Rxh4 30. Nf3 Rh6 31. Ng5 Rf6 32. Rh1 (32. Rd1 $11) 32... Nf8 33. Be4 Nf5 34. Rh8 Nd6 {White must now prevent ...Ne6.} 35. Bf3 Ne6 36. Nxe6+ fxe6 37. Rh7+ Rd7 38. Rh5 Rf5 39. Rh6 (39. Ke2 $142) 39... Re7 40. Bg4 {[#]} Rf6 $1 {[%mdl 512]} 41. Rxf6 $11 Ne4+ 42. Kf3 Nxf6 {[%mdl 4096] Endgame KRB-KRN} 43. Rh2 c5 44. Rh6 $2 (44. e4 $1 $11 {and White has nothing to worry.}) 44... Nxg4 $19 45. Kxg4 {KR-KR} c4 46. Kf3 Kd6 {aiming for ...Kc5.} 47. Ke4 $2 {[%mdl 8192] [#]} (47. Rh5 $17 {is a better chance.}) 47... Rc7 $2 (47... Kc5 $1 $19 {has better winning chances.} 48. Rh1 Kb4) 48. Rh2 $2 {[%mdl 8192] [#]} (48. Kd4 $17 {nothing else works.}) 48... c3 $2 ({Black should try} 48... Kc5 $1 $19 {...Kb4 is the strong threat.} 49. Rc2 Kb4) 49. Rc2 $2 (49. Kd3 $15) 49... Rc5 50. Kd4 Rxa5 51. Rxc3 Ra4+ 52. Kd3 e5 (52... b5 $19 53. e4 a5) 53. fxe5+ $17 Kxe5 54. Rc7 b5 {[%cal Bb7b5,Bb5b4][%mdl 32]} 55. Rc6 $2 {[%mdl 8192]} (55. Rc5+ $17 Kd6 56. Rh5) 55... Ra3+ $19 56. Kc2 Kd5 57. Rb6 Kc5 58. Re6 a5 {[%cal Ba6a5,Ba5a4,Ba4a3][%mdl 32]} 59. e4 b4 60. e5 Rc3+ 61. Kb2 a4 {Black mates.} 62. Re8 a3+ 63. Ka2 Rc2+ 64. Kb1 Rb2+ 65. Ka1 Re2 66. Rc8+ Kb5 67. Re8 b3 {[%cal Re2e1]} 68. Rb8+ Kc4 {[%cal Re2e1]} 69. Rc8+ Kd5 70. Rd8+ Ke6 71. Rd6+ Kxe5 72. Rd1 Re3 73. Kb1 Ke4 74. Ka1 Rd3 {[%cal Rd3d1]} 75. Re1+ Kd4 76. Kb1 Kc3 77. Rc1+ Kb4 78. Re1 a2+ 79. Kb2 Rd2+ 80. Ka1 Ka3 {Precision: White = 34%, Black = 60%.} 0-1

[Event "5th Nebesna Sotnya Rapid 2018"]
[Site "Lutsk"]
[Date "2018.02.18"]
[Round "8"]
[White "Simantsev, Mikhail"]
[Black "Bogdanovich, Stanislav"]
[Result "0-1"]
[WhiteElo "2418"]
[BlackElo "2560"]
[Annotator "TA"]
[PlyCount "98"]
[EventDate "2018.??.??"]
[EventType "swiss"]
[EventCountry "UKR"]
[SourceTitle "playchess.com"]
[Source "ChessBase"]
[SourceQuality "1"]

{[%evp 20,98,17,0,19,20,14,14,14,18,10,0,0,0,0,0,23,-5,-6,-5,8,0,0,0,0,0,0,0,0,0,11,0,0,0,0,0,6,6,6,0,0,3,5,11,11,0,0,0,232,118,93,0,0,0,0,0,0,0,0,0,0,0,0,0,0,0,419,121,94,0,0,-743,-1,-806,-233,-2070,-2071,-29990,-1833,-2160,-591]} 1. d4 d5 2. c4 c6 3. Nc3 Nf6 4. e3 e6 5. Nf3 Nbd7 6. Qc2 b6 7. b3 Bb7 8. Be2 Bd6 9. O-O O-O 10. Bb2 Qe7 11. Rad1 Rac8 {D45: Semi-Slav: 5 e3} (11... Rad8 12. Rfe1 Rfe8 13. g3 a6 14. Bf1 dxc4 15. bxc4 c5 16. d5 exd5 17. Nxd5 Nxd5 18. cxd5 Qe4 19. Qc3 Ne5 20. Nh4 Bf8 {1-0 (40) Le,Q (2737)-Wang,H (2709) Huaian 2017}) 12. e4 Nxe4 13. Nxe4 dxe4 {The position is equal.} 14. Qxe4 Nf6 15. Qh4 c5 16. Rfe1 cxd4 17. Nxd4 {[#] Strongly threatening Bd3.} Bb4 (17... Ba3 $5 {[%cal Ra3b2]} 18. Bd3 Bxb2 19. Bxh7+ Kh8 20. Be4+ Kg8 21. Bh7+ Kh8 22. Be4+ Kg8 23. Bh7+ $11) 18. Rf1 $146 (18. Bd3 $5 {[%cal Rd4c6]} Qc5 19. Rf1 $14) ({Predecessor:} 18. Bd3 Bxe1 19. Bxh7+ Kh8 20. Bd3+ Kg8 21. Rxe1 Rfd8 22. Re3 Qb4 23. Rh3 Qe1+ 24. Bf1 Kf8 25. Re3 Qb1 26. Nxe6+ fxe6 27. Bxf6 {1-0 (27) Gomez Ledo,R (2398)-Larduet Despaigne,C (2350) Santiago de Cuba 2009}) 18... Rfd8 19. Bf3 Bc5 20. Bxb7 Qxb7 21. Nf3 {Black must now prevent Rxd8+.} Be7 22. Ne5 Ne4 23. Qf4 Bf6 24. Qf3 Qa8 25. Rxd8+ Rxd8 26. Rd1 h6 27. h3 Rxd1+ 28. Qxd1 Nc5 29. f3 Qb8 30. Nc6 Qf4 31. Bxf6 gxf6 32. Qd8+ Kh7 33. Qf8 Kg6 $2 {[#]} (33... Qe3+ $11 {and Black is okay.} 34. Kh2 Qf4+ 35. Kh1 Qc1+ 36. Kh2 Qf4+ 37. Kh1 Qc1+ 38. Kh2 Qf4+) 34. Ne7+ ({Weaker is} 34. Nxa7 Qc1+ 35. Kh2 Qf4+ 36. Kh1 Qc1+ 37. Kh2 Qf4+ 38. Kh1 Qc1+ 39. Kh2 $11) ({White has to play} 34. Qg8+ $1 $18 Kh5 35. Qxf7+ Kh4 36. Qg7 (36. Qxa7 Qc1+ 37. Kh2 Qf4+ 38. Kg1 Qc1+ 39. Kh2 Qf4+ 40. Kg1 $11)) 34... Kg5 $16 35. Qxf7 (35. Qg7+ $16 Kh4 36. Ng8 (36. Qxf7 Qd4+ 37. Kh1 Qa1+ 38. Kh2 Qe5+ 39. Kh1 Qe1+ 40. Kh2 Qg3+ 41. Kh1 Qe1+ 42. Kh2 Qg3+ 43. Kh1 Qe1+ $11)) 35... Qe3+ 36. Kh2 {Qg8+ would kill now.} Qe5+ 37. Kg1 Qa1+ 38. Kh2 Qe5+ 39. Kg1 Qd4+ 40. Kh2 Qd6+ 41. Kg1 Qd4+ 42. Kh2 Kf4 $2 {[%mdl 8192]} (42... Qd6+ $11 43. Kh1 Qd1+ 44. Kh2 Qd6+) 43. Qg7 $2 ({Worse is} 43. b4 Ke3 $11) (43. Nc6 $18 Qd6 44. Qxf6+ Ke3+ 45. Ne5) 43... Ke3 44. Qg3 ({White should play} 44. Qxh6+ $16 Kf2 45. Ng6) 44... Ke2 $1 $11 {[%cal Re2f1] Threatens to win with ...Kf1.} 45. Ng6 $2 {[%mdl 8192]} (45. f4 $11) 45... Nd3 $2 (45... Kf1 $19 {[%csl Gf1][%cal Rd4g1]} 46. h4 Nd3) 46. h4 $2 {[%mdl 8192]} (46. Qg4 $11 Qe3 47. Qe4) 46... e5 $2 (46... Kf1 47. Qh3 Qf2) 47. Ne7 $2 (47. Qh3 Qf2 48. Qg3) 47... Kf1 $19 {( -> ...h5)} 48. Nd5 Qg1+ (48... Nf4 $142 49. Nxf4 exf4 50. Kh3 fxg3 51. Kxg3 h5 52. b4 Kg1 53. Kh3 Qf2 54. g4 Qxf3#) 49. Kh3 Nf2+ {Precision: White = 29%, Black = 44%.} (49... f5 $142 50. Qh2 Nf2+ 51. Kg3 f4+ 52. Nxf4 exf4+ 53. Kxf4 Qxh2+ 54. g3 Nd3+ 55. Ke3 Qe2+ 56. Kd4 Qxf3) 0-1

[Event "5th Nebesna Sotnya Rapid 2018"]
[Site "Lutsk"]
[Date "2018.02.18"]
[Round "8"]
[White "Mirzoev, Emil"]
[Black "Bernadskiy, Vitaliy"]
[Result "0-1"]
[WhiteElo "2405"]
[BlackElo "2588"]
[Annotator "TA"]
[PlyCount "84"]
[EventDate "2018.??.??"]
[EventType "swiss"]
[EventCountry "UKR"]
[SourceTitle "playchess.com"]
[Source "ChessBase"]
[SourceQuality "1"]

{[%evp 17,84,45,37,0,0,0,35,12,56,-15,-16,-11,-7,-19,10,7,10,34,56,45,51,8,0,-18,0,0,-4,-87,-83,-98,0,-5,-7,-58,-30,-250,-235,-367,-356,-363,-395,-401,-394,-373,-387,-358,-300,-287,-207,-288,-275,-381,-371,-360,-373,-525,-517,-497,-391,-496,-489,-579,-574,-796,-802,-908,-915,-895,-871]} 1. d4 Nf6 2. Bg5 Ne4 3. Bf4 d5 4. e3 Bf5 5. f3 Nf6 6. Nc3 {A45: Trompowsky Attack} e6 7. g4 Bg6 8. h4 h6 9. Bd3 Bxd3 {LiveBook: 8 Games} 10. cxd3 (10. Qxd3 {is more complex.} c5 11. Nge2 c4 12. Qd2 Qa5 13. Ne4) 10... Bd6 11. Nge2 a6 $146 ({Predecessor:} 11... Nc6 12. Qb3 Rb8 {0-1 (72) Mirzoev,E (2443)-Bogdanovich,S (2596) Lvov 2017}) 12. Qb3 b5 {[%cal Bb7b5,Bb5b4][%mdl 32]} 13. a4 (13. Bxd6 $14 Qxd6 14. e4 dxe4 15. dxe4) 13... b4 $11 14. Na2 {[%cal Bc3a2,Ba2c1,Bc1b3][%mdl 32]} a5 15. Qc2 Ra6 16. Nac1 Nbd7 17. Nb3 h5 18. g5 Ng8 19. Bxd6 cxd6 20. g6 fxg6 21. Nf4 Kf7 22. O-O-O (22. e4 $11) 22... Ne7 $17 {Threatens to win with ...Rc6.} 23. Kb1 {[#]} e5 ({Black should try} 23... Nb6 $1 $17 24. Rdg1 Qd7) 24. Nh3 $11 Re8 $1 $36 {[%mdl 2048] Black fights for an advantage.} 25. Rhg1 ({White should play} 25. dxe5 $11 dxe5 26. Ng5+ Kg8 27. d4) 25... Qc8 26. Qg2 $2 {[#]} (26. Qxc8 $11 Rxc8 27. dxe5) 26... Qc6 $1 $19 {[%cal Rc6a4]} 27. Ng5+ (27. dxe5 {is the only way for White.} dxe5 28. Qc2 Qxa4 29. Ng5+ Kg8 30. Nd4 Qxc2+ 31. Nxc2) 27... Kg8 28. Qh3 {Strongly threatening Rc1.} Nf8 29. dxe5 Qxa4 30. exd6 Qxb3 31. dxe7 Rxe7 32. Qc8 Raa7 33. Rd2 Rxe3 34. Rc1 Rae7 35. Qc2 Qxc2+ 36. Kxc2 (36. Rdxc2 $142 Rxd3 37. Rc8) 36... Rc7+ 37. Kd1 Rxc1+ 38. Kxc1 Nh7 {Black is clearly winning.} 39. Rg2 Nxg5 40. Rxg5 Rxd3 41. Kc2 Rxf3 42. Rxd5 Rf5 {Precision: White = 32%, Black = 64%.} 0-1

[Event "5th Nebesna Sotnya Rapid 2018"]
[Site "Lutsk"]
[Date "2018.02.18"]
[Round "8"]
[White "Peng, Li Min"]
[Black "Bortnyk, Mykola"]
[Result "1-0"]
[WhiteElo "2404"]
[BlackElo "2432"]
[Annotator "TA"]
[PlyCount "53"]
[EventDate "2018.??.??"]
[EventType "swiss"]
[EventCountry "UKR"]
[SourceTitle "playchess.com"]
[Source "ChessBase"]
[SourceQuality "1"]

{[%evp 9,53,76,85,76,116,108,107,109,115,112,308,295,393,343,476,493,460,489,497,486,539,508,653,746,720,727,798,799,742,747,883,883,1110,1110,1098,1096,1077,1041,29949,6415,5298,2500,29984,29985,29985,29986]} 1. e4 a6 2. d4 b5 3. Nf3 Bb7 4. Bd3 d6 (4... g6 5. h4 h6 6. a4 bxa4 7. Nc3 Bg7 8. O-O Nf6 9. e5 Nd5 10. Nxd5 Bxd5 11. c4 {½-½ (71) Morozevich,A (2676)-Golubov,S (2501) Moscow 2017}) 5. a4 b4 6. O-O {B00: Queen's Fianchetto Defence, Nimzowitsch Defence} Nd7 7. c3 $146 ({Predecessor:} 7. a5 e6 8. Re1 Be7 9. Bd2 d5 10. e5 c5 11. c3 c4 {0-1 (47) Matejovic,J (2248)-Rohacek,M (2247) Slovakia 2005}) 7... Ngf6 8. Re1 {White is better.} bxc3 9. Nxc3 e5 $2 (9... e6 $16 {was called for.}) 10. Bc4 $18 Be7 11. Qb3 exd4 {[#] And now ...Nc5 would win.} 12. Bxf7+ (12. Qxb7 dxc3 13. bxc3 O-O $16) 12... Kf8 {aiming for ...Nc5.} 13. Nxd4 {Threatening mate with Ne6+.} ({Less strong is} 13. Qxb7 dxc3 14. Qb3 Rb8 $14) 13... Nc5 14. Qa2 Bc8 15. Rd1 Bd7 16. b4 Nb7 17. Be6 c5 18. bxc5 Nxc5 19. Bxd7 Qxd7 20. Ba3 Ke8 21. Nf5 g6 {[#]} 22. Nxd6+ $1 {[%mdl 512]} Bxd6 23. Bxc5 Bxc5 24. Rxd7 Nxd7 25. Qe6+ Kd8 26. Rd1 {[%csl Gd1][%cal Re6d7]} Ra7 27. Qf6+ {Precision: White = 100%, Black = 25%.} 1-0

[Event "5th Nebesna Sotnya Rapid 2018"]
[Site "Lutsk"]
[Date "2018.02.18"]
[Round "8"]
[White "Khaetsky, Roman"]
[Black "Gritsak, Orest"]
[Result "0-1"]
[WhiteElo "2369"]
[BlackElo "2469"]
[Annotator "TA"]
[PlyCount "80"]
[EventDate "2018.??.??"]
[EventType "swiss"]
[EventCountry "UKR"]
[SourceTitle "playchess.com"]
[Source "ChessBase"]
[SourceQuality "1"]

{[%evp 19,80,18,20,15,26,0,25,45,42,38,25,23,20,11,27,22,34,31,13,9,3,2,6,-12,0,-10,-13,-9,-2,-75,-79,-66,-75,-156,-147,-130,-158,-285,-274,-276,-255,-260,-270,-266,-265,-244,-170,-242,-176,-158,-146,-681,-681,-622,-522,-716,-716,-673,-643,-29991,-29992,-29992,-12843]} 1. e4 c6 2. d4 d5 3. e5 Bf5 4. c4 e6 5. Nc3 Ne7 6. a3 dxc4 {B12: Caro-Kann: Advance Variation} 7. Bxc4 Nd7 8. Nge2 Nb6 9. Bb3 Ned5 (9... Qd7 10. Ng3 Bg6 11. h4 h6 12. Be3 Nf5 13. h5 Bh7 14. Nxf5 Bxf5 {0-1 (33) Karthikeyan,M (2578)-Berkes,F (2648) Moscow 2017}) 10. O-O Be7 {LiveBook: 3 Games} 11. Ng3 Bg6 12. Nce4 h5 {Strongly threatening ...h4.} 13. f4 Qd7 {White must now prevent ...h4.} 14. Nc5 $146 Bxc5 15. dxc5 Nc8 16. f5 (16. Bc2 {is more complex.} Bxc2 17. Qxc2 Nce7 18. Ne4 Nf5 19. Nd6+) 16... exf5 17. Bxd5 Qxd5 18. Qxd5 cxd5 19. Nxf5 Bxf5 20. Rxf5 Ne7 21. Rf1 h4 22. b4 Rh5 23. Bb2 Rf5 24. g4 (24. Rxf5 $11 {keeps the balance.} Nxf5 25. Rd1) 24... hxg3 $1 $17 25. hxg3 Kd7 26. g4 {[#]} (26. Rab1 $142) 26... Rg5 $1 27. Rxf7 Rxg4+ 28. Kf2 (28. Kf1 $17) 28... Ke6 $19 29. Kf3 Rg6 30. Rf4 Rh8 31. Rf1 Nf5 {And now ...Rh3+ would win.} 32. Rf2 Rh3+ 33. Ke2 Ng3+ 34. Kd1 Ne4 35. Rxe4 $4 {[%mdl 8192]} (35. Re2 $17) 35... dxe4 $17 {[%cal Bd5e4,Be4e3][%mdl 32] KRR-KRB} 36. Kc2 Rf3 37. Rd2 e3 38. Rd6+ Kf5 39. Kd3 {Now Rxg6 and White clings on.} Rg2 40. e6 Rd2+ {Precision: White = 35%, Black = 76%.} (40... e2+ $142 41. Kd2 Rf1 42. Kc3 e1=Q+ 43. Kb3 Rf3+ 44. Bc3 Qxc3+ 45. Ka4 Qc2+ 46. Kb5 Qe2+ 47. Ka4 {[#]} b5+ $1 {[%mdl 512]} 48. cxb6 Qa6#) 0-1